000 01318 a2200241 4500
005 20080828105857.0
008 080828t xxu||||| |||| 00| 0 hin d
010 _aHIN-82557
020 _a8190156179
_c200.00
035 _aHN-54903
037 _bपु.प्र.अ.प्र/प्रका
082 _a371.102
100 _aहोल्ट, जॉन
245 _aएक अध्यापक के नोट्स /
_cजॉन होल्ट ; निर्मला जोशी द्वारा अनुदित
246 _aEk adhyapak ke notes
_bby John Holt
260 _aदिल्ली
_bप्रेमनाथ एण्ड सन्स
_c2007
270 _a30/35-36,द्वितीय तल,गली नं9,विश्वास नगर,शाहदरा
_bदिल्ली
_e110032
300 _a152पृ
_c22 सेमी (सजिल्द)
490 _aशिक्षण के विविध आयाम
700 _aजोशी, निर्मला
942 _adpl
_cHN
_k371.102 / होल्टजॉ
_2ddc
_h371.102
_mहोल्टजॉ
999 _c10620
_d10620